000 00735cam a22002531 4500
001 ne 64001246
003 DLC
005 20260227111800.0
008 890922s1962 le b 000 0 ara c
010 _ane 64001246
025 _aPL480:UAR-3696
035 _a(OCoLC)20384457
040 _aPrinceton Univ. Libr.
_cWaU
_dWaU
_dDLC
042 _apremarc
050 0 0 _aPJ7696.Z8
_bZ77
100 1 _aKhūrī, Alfrid.
245 1 0 _aZuhayr ibn Abī Sulmá
_c[taʼlīf] Alfrid Khūrī.
250 _a[al-Ṭabʻah al-ūlá]
260 _aBayrūt,
_bDār al-Sharq al-Jadīd
_c[1962.]
300 _a144 p.
_c20 cm.
490 0 _aAʻlām al-fikr al-ʻArabī,
_v21
504 _aBibliography: p. 140.
600 0 0 _aZuhayr ibn Abī Sulmá.
999 _c47034
_d47034